000 00865cad a22002535a 4500
001 L158747
008 121219e2015 xxk 000 0 eng d
035 _a(Sirsi) u158747
041 0 _aeng
100 1 _aStewart-Noble, Ashley
245 0 0 _aAre you moving with the times?
_h[electronic resource]
260 _c2015
490 _aRICS Property Journal
_vJuly-August 2015, 46-47(2)
520 _aOutlines the advantages of a digital presence.
650 2 4 _aLeasing and letting
650 2 4 _aESTATE AGENCY SERVICES
650 2 4 _aONLINE MARKETING
650 2 4 _aSMALL BUSINESSES
651 4 _aUnited Kingdom
_y
690 _aBusiness and management
710 _aRoyal Institution of Chartered Surveyors
_94900
856 4 0 _uhttps://www.rics.org/uk/news/journals/property-journal
_zView the journal free of charge at www.rics.org/journals...
942 _n0
999 _c84681
_d84681